History Quiz

Random History or State Quiz

Confederate Cities (1860) Quiz Stats

 Plays Quiz Updated Jul 2, 2018

Score 0/25 Timer 05:00
8 Plays Today
Population City % Correct
168,675New Orleans
97.2%
9,554Atlanta
94.7%
37,910Richmond
86.5%
40,522Charleston
83.9%
16,988Nashville
83.7%
22,623Memphis
77.2%
4,780Raleigh
76%
5,428Baton Rouge
71.5%
22,292Savannah
69.3%
29,258Mobile
62.4%
8,843Montgomery
54.7%
8,235San Antonio
51.6%
14,620Norfolk
43.4%
Population City % Correct
8,247Macon
35.3%
12,493Augusta
30.7%
12,652Alexandria (immediately occupied by Union)
30.5%
9,552Wilmington
25.6%
9,621Columbus
22.2%
18,266Petersburg
14.3%
5,623Fredericksburg
12.6%
4,790Fayetteville
11.1%
6,612Natchez
10.5%
6,853Lynchburg
10%
5,432New Bern
7%
5,816Algiers
2%

You're not logged in!

Compare scores with friends on all Sporcle quizzes.
OR
Log In

Sporcle TV

Today on Sporcle TV


Watch our educational content, quiz creation guides, and fun videos on Sporcle TV.

Show Comments

Extras

Top Quizzes Today


Score Distribution

Your Account Isn't Verified!

In order to create a playlist on Sporcle, you need to verify the email address you used during registration. Go to your Sporcle Settings to finish the process.

Report this User

Report this user for behavior that violates our Community Guidelines.

Details: